000 00900nam0a22002411 4500
001 rc\314791
005 20030307122125.3
035 _a(NLR Aleph) 005549216
090 _a5792542
_c5792542
100 _a20030307d1990 u |0rusy50 ca
101 0 _arus
102 _aRU
105 _aa |||||||||
200 1 _aОрганизация и экономический механизм обеспечения запасными частями средств вычислительной техники
_fАзерб. с.-х. ин-т им. С. Агамалиоглы
210 _aБаку
_cМаариф
_d1990
215 _a299, [1] с.
_cил.
_d20
320 _aБиблиогр.: с. 280-298 (102 назв.)
700 1 _aПурхани
_bС. Г. оглы
_gСафар Гасан оглы
801 0 _aRU
_bNLR
_gpsbo
801 1 _aRU
_bELAR
_2rusmarc
852 _aNLR
_j91-3/876
942 _cBOOK
980 _aNB